Catholic Social Teaching (Record no. 9968)

MARC details
000 -LEADER
fixed length control field 00605nam a2200241 a 4500
020 ## - INTERNATIONAL STANDARD BOOK NUMBER
ISBN 0883444
082 00 - DEWEY DECIMAL CLASSIFICATION NUMBER
Classification number 261.8
Author Cutter HEN
100 ## - MAIN ENTRY--AUTHOR NAME
Author name Henriot, Peter J
245 ## - TITLE STATEMENT
Title Catholic Social Teaching
260 ## - PUBLICATION, DISTRIBUTION, ETC. (IMPRINT)
Place of publication New York
Name of publisher Orbis Books
Year of publication 1985
300 ## - PHYSICAL DESCRIPTION
Number of Pages 164p
500 ## - GENERAL NOTE
General note includes index and biblioraphy
505 2# - FORMATTED CONTENTS NOTE
Formatted contents note Bibliography
650 ## - SUBJECT ADDED ENTRY--TOPICAL TERM
Topical Term Social-Problems-christianity
650 ## - SUBJECT ADDED ENTRY--TOPICAL TERM
Topical Term Catholicism-Social
942 ## - ADDED ENTRY ELEMENTS (KOHA)
Koha item type Books
Holdings
Collection code Home library Current library Date acquired Cost, normal purchase price Full call number Accession Number Koha item type
  Henry Martyn Institute Library Henry Martyn Institute Library 07/10/2007 612.50 261.8 HEN 017112 Books
                   Copyright © 2026 | Henry Martyn Institute | Hyderabad | TS-500052 | INDIA | Implemented by hmi.edu.in
Hit-Count:

Powered by Koha